|
|
|
|
| LEADER |
00000cam a22000004a 4500 |
| 001 |
musev2_4852 |
| 003 |
MdBmJHUP |
| 005 |
20230905040603.0 |
| 006 |
m o d |
| 007 |
cr||||||||nn|n |
| 008 |
040301s2004 nyu o 00 0 eng d |
| 010 |
|
|
|z 2004045295
|
| 020 |
|
|
|a 9780791484517
|
| 020 |
|
|
|z 9780791462010
|
| 020 |
|
|
|z 0791462013
|
| 035 |
|
|
|a (OCoLC)62757061
|
| 040 |
|
|
|a MdBmJHUP
|c MdBmJHUP
|
| 043 |
|
|
|a e-uk---
|a n-us---
|a a-ii---
|a e-it---
|
| 050 |
0 |
4 |
|a PR9488
|b .P66 2004
|
| 082 |
0 |
|
|a 820.9/9287/0954
|2 22
|
| 100 |
1 |
|
|a Ponzanesi, Sandra,
|d 1967-
|
| 245 |
1 |
0 |
|a Paradoxes of Postcolonial Culture :
|b Contemporary Women Writers of the Indian and Afro-Italian Diaspora /
|c Sandra Ponzanesi.
|
| 264 |
|
1 |
|a Albany :
|b State University of New York Press,
|c 2004.
|
| 264 |
|
3 |
|a Baltimore, Md. :
|b Project MUSE,
|c 2012
|
| 264 |
|
4 |
|c ©2004.
|
| 300 |
|
|
|a 1 online resource (264 pages):
|b ill., map ;
|
| 336 |
|
|
|a text
|b txt
|2 rdacontent
|
| 337 |
|
|
|a computer
|b c
|2 rdamedia
|
| 338 |
|
|
|a online resource
|b cr
|2 rdacarrier
|
| 504 |
|
|
|a Includes bibliographical references (p. 235-257) and index.
|
| 588 |
|
|
|a Description based on print version record.
|
| 650 |
|
0 |
|a Women and literature.
|
| 650 |
|
0 |
|a South Asians in literature.
|
| 650 |
|
0 |
|a Postcolonialism in literature.
|
| 650 |
|
0 |
|a East Indian Americans in literature.
|
| 650 |
|
0 |
|a Africans
|z Italy
|x Intellectual life.
|
| 650 |
|
0 |
|a Emigration and immigration in literature.
|
| 650 |
|
0 |
|a East Indians
|z England
|x Intellectual life.
|
| 650 |
|
0 |
|a Immigrants' writings
|x History and criticism.
|
| 650 |
|
0 |
|a East Indian American women
|x Intellectual life.
|
| 650 |
|
0 |
|a Italian literature
|x Women authors
|x History and criticism.
|
| 650 |
|
0 |
|a English literature
|x South Asian authors
|x History and criticism.
|
| 650 |
|
0 |
|a American literature
|x South Asian American authors
|x History and criticism.
|
| 650 |
|
0 |
|a Indic literature (English)
|x Women authors
|x History and criticism.
|
| 655 |
|
7 |
|a Electronic books.
|2 local
|
| 710 |
2 |
|
|a Project Muse.
|e distributor
|
| 830 |
|
0 |
|a Book collections on Project MUSE.
|
| 856 |
4 |
0 |
|z Texto completo
|u https://projectmuse.uam.elogim.com/book/4852/
|
| 945 |
|
|
|a Project MUSE - Custom Collection
|
| 945 |
|
|
|a Project MUSE - Archive Complete Foundation
|
| 945 |
|
|
|a Project MUSE - Archive Literature Foundation
|